ბათუმის შოთა რუსთაველის სახელმწიფო უნივერსიტეტის ბიბლიოთეკა

Задачник-практикум по теории аналитических функций (ბიბ.ჩანაწერი № 38915)

000 -LEADER
fixed length control field 00809nam a2200205Ia 4500
001 - CONTROL NUMBER
control field 5335
003 - CONTROL NUMBER IDENTIFIER
control field GE_BSU
008 - FIXED-LENGTH DATA ELEMENTS--GENERAL INFORMATION
fixed length control field 181216s||||||||xx |||||||||||||| ||und||
040 ## - CATALOGING SOURCE
Transcribing agency GE_BSU
080 ## - UNIVERSAL DECIMAL CLASSIFICATION NUMBER
Universal Decimal Classification number 517.54(075.8)
100 ## - MAIN ENTRY--PERSONAL NAME
Personal name Балк, М.Б ;В.А. Петров; А.А. Полухин;
245 ## - TITLE STATEMENT
Title Задачник-практикум по теории аналитических функций
245 ## - TITLE STATEMENT
Remainder of title Учебное пособие для студ. заочников пед ин-тов Московский гос заочный пед. ин-ут
260 ## - PUBLICATION, DISTRIBUTION, ETC.
Place of publication, distribution, etc. Москва
260 ## - PUBLICATION, DISTRIBUTION, ETC.
Name of publisher, distributor, etc. Прсвещение
260 ## - PUBLICATION, DISTRIBUTION, ETC.
Date of publication, distribution, etc. 1976
300 ## - PHYSICAL DESCRIPTION
Extent 134стр.22 см.
653 ## - INDEX TERM--UNCONTROLLED
Uncontrolled term Задачник-практикум по теории аналитических функций
942 ## - ADDED ENTRY ELEMENTS (KOHA)
Koha item type წიგნი
ეგზემპლარები
Withdrawn status Lost status Damaged status Not for loan Date acquired Barcode Date last seen Price effective from Koha item type
        2018-12-17 16502 2018-12-17 2018-12-17 წიგნი
        2018-12-17 17014 2018-12-17 2018-12-17 წიგნი
        2018-12-17 18345 2018-12-17 2018-12-17 წიგნი
        2018-12-17 17247 2018-12-17 2018-12-17 წიგნი
        2018-12-17 17248 2018-12-17 2018-12-17 წიგნი
        2018-12-17 17249 2018-12-17 2018-12-17 წიგნი